[Event "Joao Pessoa de Assis Memorial 3rd"]
[Site "Joao Pessoa"]
[Date "2023.10.20"]
[Round "1"]
[White "De Souza, Raimunda Claudia Re"]
[Black "Assis, Elton John"]
[Result "0-1"]
[WhiteElo "1563"]
[BlackElo "1935"]
[PlyCount "88"]
[EventDate "2023.10.20"]
[EventType "swiss"]
[EventRounds "6"]
[EventCountry "BRA"]
[SourceTitle "Mega2024 Update 01"]
[Source "Chessbase"]
[SourceDate "2023.11.12"]
[SourceVersion "1"]
[SourceVersionDate "2023.11.12"]
[SourceQuality "1"]

1. e4 e5 2. Nf3 Nc6 3. Bc4 Be7 4. d3 Nf6 5. Nc3 0-0 6. 0-0 d6 7. h3 h6 8. a3 Bd7 9. Be3 Qc8 10. Kh2 Be6 11. Ba2 Qd7 12. Ng1 d5 13. exd5 Nxd5 14. Nxd5 Bxd5 15. Bxd5 Qxd5 16. c4 Qd7 17. Qc2 f5 18. f4 exf4 19. Bxf4 g5 20. Bg3 Rad8 21. Rad1 Nd4 22. Qb1 Bf6 23. Bf2 g4 24. h4 Qd6+ 25. Bg3 Qd7 26. Qc1 Kh7 27. Qf4 c6 28. Bf2 Qg7 29. g3 Be5 30. Bxd4 Rxd4 31. Qc1 Qf6 32. Kg2 Rfd8 33. Qc2 c5 34. Ne2 f4 35. Nxd4 Rxd4 36. gxf4 Bxf4 37. Rh1 Qc6+ 38. Kg1 Be3+ 39. Kh2 g3+ 40. Kxg3 Qd6+ 41. Kh3 Qe6+ 42. Kg2 Qg4+ 43. Kf1 Qf3+ 44. Ke1 Qxh1+ 0-1